000 03009cgm a2200517Ii 4500
005 20140311160540.0
008 040305s1983 xxu g q mlmul d
040 _aCO-BoUCM
_bspa
_cOscar Anaya
_dHenry Ríos
041 0 _aeng
041 0 _aspa
092 _aDVD 1327
245 0 0 _aVientos de Guerra
_cDan Curtis, director
_h[DVD]
246 3 0 _aHerman Wouk's the winds of war
250 _aSpecial collector's edition
260 _aWashington D.C. (Estados Unidos)
_bJadran Film
_c1983
300 _a6 DVD, 883 minutos
_bimagen, sonido, color
340 _3DVD
500 _aSINOPSIS: Miniserie televisiva basada en una novela épica de Herman Wouk. Ambientada a finales de los años treinta y comienzos de los cuarenta, en plena Segunda Guerra Mundial (1939-1945). Narra las vicisitudes de la familia Henry, encabezada por el comandante Victor "Pug" Henry, oficial de la marina de los Estados Unidos [Tomado de la fuente]
500 _aSpecial features include: Making The winds of war (featurette); a novel for television featurette; cast and characters; on location featurette.
505 _aDISCO 1. El viento se levanta
505 _aDISCO 2. -- Se desata la tormenta
505 _aDISCO 3. -- Cataclismo. -- Resistencia
505 _aDISCO 4. -- Del amor y la guerra
505 _aDISCO 5. El cambio de guardia
505 _aDISCO 6. -- Dentro del Maelstrom
508 _aCRÉDITOS: Dirigida por Dan Curtis ; música por Bob Cobert ; diseño de producción por Jackson De Govia ; dirección de arte por John V. Cartwright ; ambientación por Thomas L. Roysden ; maquillaje por Elizabeth Rabe
511 0 _aRobert Mitchum, Ali MacGraw, Jan-Michael Vincent, John Houseman, Polly Bergen, Lisa Eilbacher, David Dukes, Topol, Ben Murphy, Peter Graves, Jeremy Kemp, Ralph Bellamy, Victoria Tennant.
520 _aREPARTO: Robert Mitchum, Ali MacGraw, Jan-Michael Vincent, John Houseman, Polly Bergen, Lisa Eilbacher, David Dukes, Topol, Ben Murphy
546 _aAudio en inglés y español. Subtítulos en inglés y español
586 _aGanadora de tres premios Emmy, 1983 (mejor cinematografía en serie limitada o especial, actor de reparto por John Houseman, actor de reparto por Jan-Michael Vincent)
650 7 _aDrama
_vSeries de televisión
_vDVD
_957989
650 7 _aGuerra Mundial II, 1939-1945
_vSeries de televisión
_vDVD
_957990
650 7 _aProgramas de televisión
_zEstados Unidos
_vDVD
_957409
650 4 _aProgramas de televisión de guerra
_vDVD
_957991
650 4 _aProgramas de televisión históricos
_vDVD
_957992
650 7 _aRelaciones de familia
_vSeries de televisión
_vDVD
_957993
690 _942805
_aEntretenimiento
690 _942842
_aHistoria de América
690 _942914
_aSociología
700 1 _aCurtis, Dan
_edirector
_957966
710 2 _aJadran Film
_957967
710 2 _aParamount Television
_957958
710 2 _aFeel Films
_957968
765 0 _tThe winds of war
942 _2LOCAL
_a11
_cMULTIMEDIA
_e1
_hDVD 1327
999 _c239648
_d239648